|
|
|
|
| LEADER |
01108nam a2200265 a 4500 |
| 001 |
4926301 |
| 008 |
110928s1996 nyua b 001 0 eng |
| 010 |
|
|
|a 95036802
|
| 020 |
|
|
|a 1572300310 (acid-free paper)
|
| 040 |
|
|
|a DLC
|c DLC
|d DLC
|d BD-DhAAL
|
| 082 |
0 |
0 |
|a 649/.1
|2 20
|
| 245 |
0 |
0 |
|a Parents' cultural belief systems :
|b their origins, expressions, and consequences /
|c Sara Harkness, Charles M. Super, editors.
|
| 260 |
|
|
|a New York :
|b Guilford Press,
|c c1996.
|
| 300 |
|
|
|a xii, 558 p. :
|b ill. ;
|c 25 cm.
|
| 490 |
0 |
|
|a Culture and human development
|
| 504 |
|
|
|a Includes bibliographical references and indexes.
|
| 541 |
|
|
|e 00023630
|
| 650 |
|
0 |
|a Child rearing
|x Cross-cultural studies.
|
| 650 |
|
0 |
|a Child development
|x Cross-cultural studies.
|
| 650 |
|
0 |
|a Socialization
|x Cross-cultural studies.
|
| 700 |
1 |
|
|a Harkness, Sara.
|
| 700 |
1 |
|
|a Super, Charles M.
|
| 852 |
1 |
|
|a Ayesha Abed Library
|c General shelf.
|
| 999 |
|
|
|c 11271
|d 11271
|
| 952 |
|
|
|0 0
|1 0
|2 ddc
|4 0
|6 649_100000000000000_PAR
|7 0
|9 18263
|a BRACUL
|b BRACUL
|c GEN
|d 2011-09-29
|e IED, BU
|l 2
|o 649.1 PAR
|p 3010023630
|r 2015-04-04
|s 2015-03-28
|t 1
|w 2011-09-29
|y BK
|